01015 2200337 4500001002100000005001500021035002000036007000300056040001700059100003000076245014400106250001200250300003900262504002400301020002200325041000800347082001100355084001700366090002200383264004300405336002100448337003000469338002300499500001900522650000900541850001000550008004100560700004000601990002000641990001600661INLIS00000000000615720260419123444 a0010-0322000401ta aSBPUPADbind0 aIskandar AgungePengarang1 aMengembangkan Profesionalitas Guru :bUpaya meningkatkan kompetensi profesionalisme kinerja guru /cIskandar Agung; Editor Chalvin Chapnary a.-cet.2 a351 hal. :billus. ;c14 x 20,5 cm aBibliografi hlm 344 a978-602-9473-61-20 aind a371.12 a371.12 AGU m a371.26 SUH d 12-7 a.--Jakarta :bBee Media Pustaka,c2014 2rdacontentaTeks 2rdamediaaTanpa Perantara 2rdacarrieravolume aIndeks hlm 347 4aGuru aPUPAD260419 0  aEditor, Chalvin ChapnaryePengarang a24.034/H/DPK/17 a00000041050